000 00472nam a2200181Ia 4500
001 14007
005 20260306164842.0
008 260306t2007||||xx |||||||||||||| ||spa||
041 _aESP
082 _a005.8
_bH79
100 _aHoward Michael
_eAUT
245 0 _a19 puntos críticos sobre seguridad de software :
_bfallas comunes en programación cómo corregirlas
260 _c2007
300 _a
_c
650 _aGEN
654 _aCCC
942 _cLIB
_dJUS
_fJUS
_2ddc
_n
999 _c14007
_d14007